000 00316cam a22001217a 4500
008 180718b1979 xxu||||| |||| 00| 0 eng d
082 _aB19 G346
100 _aGhosh, Bimal
245 _aProfiles of social change
_cby Bimal Ghosh
260 _aDelhi
_bOxford & IBH
_c1979
300 _a198p.
650 _aSocial Change.
999 _c345342
_d345342